000 00655nam a2200277Ia 4500
005 20260324143456.0
008 008 260324s9999 xx 000 0 eng d
020 _a9780429315053
037 _aEBOOK
040 _aCRL
040 _beng
040 _cCRL
041 _2eng
041 _aeng
084 _qCRL
100 _aHenri J Barkey
_91215771
245 4 _aThe State And The Industrialization Crisis In Turkey
260 _bTaylor and Francis
260 _c1991
365 _a
365 _b145
856 _uhttp://www.taylorfrancis.com/books/9780429315053
942 _cEBOOK
999 _c1821220
_d1821220